• 首页
  • 本馆介绍
  • 公告通知
  • 最新文献
  • 馆藏检索
  • 电子资源
  • 读者导购
  • 参考咨询
  • 我的图书馆
  • 登录
  • 详细信息显示
  • 放入我的书架
  • 预约/预借图书
  • 作者相关作品
  • 分类相关作品
  • 丛书相关作品
  • 出版社相关作品

书目信息

  • 表格格式
  • 工作单格式
  • 卡片格式
题名:
你不理财,财不理你
    
 
作者: 杨婧 编著
分册:  
出版信息: 北京   中国华侨出版社  2018
页数: 247页
开本: 21cm
丛书名:
单 册:
中图分类: F830.59-49
科图分类:
主题词: 私人投资--si ren tou zi--通俗读物
电子资源:
ISBN: 978-7-5113-7131-7
000 00824nam0 2200229 450
001 2156221254
005 20211011172911.0
010    @a978-7-5113-7131-7@dCNY36.00
100    @a20181129d2018 em y0chiy50 ea
101 0  @achi
102    @aCN@b110000
105    @aa z 000yy
106    @ar
200 1  @a你不理财,财不理你@Ani bu li cai cai bu li ni@f杨婧编著
210    @a北京@c中国华侨出版社@d2018
215    @a247页@c彩图@d21cm
330    @a本书结合典型的生活案例,介绍了投资理财的常识、投资理财方式、投资理财窍门,并对不同家庭如何理财提出了有针对性的方案,剖析了生活中科学消费的花钱之道,也提供了养老规划、子女教育投资的途径。
606 0  @a私人投资@Asi ren tou zi@j通俗读物
690    @aF830.59-49@v5
701  0 @a杨婧@Ayang jing@4编著
801  0 @aCN@b百万庄@c20211005
905    @b1304414-17@dF830.59-49@e501@f4
    
    你不理财,财不理你/杨婧编著.-北京:中国华侨出版社,2018
    247页:彩图;21cm
    
    
    ISBN 978-7-5113-7131-7:CNY36.00
    本书结合典型的生活案例,介绍了投资理财的常识、投资理财方式、投资理财窍门,并对不同家庭如何理财提出了有针对性的方案,剖析了生活中科学消费的花钱之道,也提供了养老规划、子女教育投资的途径。
●
相关链接 在E读中查询图书 在五车中查询图书 在当当中查询图书 在豆瓣中查询图书


正题名:你不理财,财不理你     索取号:F830.59-49/501         预约/预借

序号 登录号 条形码 馆藏地/架位号 状态 备注
1 1304414   213044141   第一样本阅览室/ [索取号:F830.59-49/501] 在馆    
2 1304415   213044150   第一借阅区/ [索取号:F830.59-49/501] 在馆    
3 1304416   213044169   第一借阅区/ [索取号:F830.59-49/501] 在馆    
4 1304417   213044178   第一借阅区/ [索取号:F830.59-49/501] 在馆    
欢迎您!
大连网信软件有限公司© 版权所有